01222nabaa22001937a 4500003000400000005001700004008004100021040000700062100002500069245016100094300001500255505042300270505009000693650002700783650003100810650004500841650002900886773011300915OSt20260122103634.0190701b xxu||||| |||| 00| 0 spa d cPJ aCicero, Nidia Karina10aEstándares de la jurisprudencia de la Corte IDH sobre responsabilidad del Estado y sus potenciales proyecciones en el ámbito interno /cNidia K. Cicero. ap. 131-160 aSumario: I. Las funciones y los ámbitos de desenvolvimiento de la responsabilidad estatal.— II. Responsabilidad estatal a nivel internacional e interamericano en particular.— III. Algunos paradigmas provenientes de la jurisprudencia de la Corte IDH en el trienio 2019-2021.— IV. Epílogo.— V. Listado de sentencias Corte IDH.— VI. Bibliografía complementaria, jurisprudencia nacional y normativa citada. t¿Te interesa el texto completo? Comunicate al correo: koha@justierradelfuego.gov.ar  0aDERECHO ADMINISTRATIVO 0aRESPONSABILIDAD DEL ESTADO 0aCORTE INTERAMERICANA DE DERECHOS HUMANOS 0aJURISPRUDENCIA APLICABLE0 02842dBuenos Aires : AbeledoPerrot, 2012-oDA121tDerecho administrativo. Nº 146 marzo/abril 2023z18510590